Emergence of Infectious Diseases : Risks and Issues for Societies.

Bibliographic Details
Main Author: Morand, Serge.
Other Authors: Figuié, Muriel., Keck, édéric., Gilbert, Claude., Brender, Nathalie., Roger, François., Zylberman, Patrick.
Format: eBook
Language:English
Published: Versailles : Quae, 2018.
Series:Matière à débattre et Décider Series
Subjects:
Online Access:Click to View
LEADER 03330nam a22004333i 4500
001 EBC6734044
003 MiAaPQ
005 20231204023218.0
006 m o d |
007 cr cnu||||||||
008 231204s2018 xx o ||||0 eng d
020 |a 9782759227723  |q (electronic bk.) 
035 |a (MiAaPQ)EBC6734044 
035 |a (Au-PeEL)EBL6734044 
035 |a (OCoLC)1154863062 
040 |a MiAaPQ  |b eng  |e rda  |e pn  |c MiAaPQ  |d MiAaPQ 
100 1 |a Morand, Serge. 
245 1 0 |a Emergence of Infectious Diseases :  |b Risks and Issues for Societies. 
264 1 |a Versailles :  |b Quae,  |c 2018. 
264 4 |c ©2023. 
300 |a 1 online resource (131 pages) 
336 |a text  |b txt  |2 rdacontent 
337 |a computer  |b c  |2 rdamedia 
338 |a online resource  |b cr  |2 rdacarrier 
490 1 |a Matière à débattre et Décider Series 
505 0 |a Intro -- Contents -- Foreword by Frédéric Keck, Anthropologist, CNRS -- Introduction -- 1. Biogeography and the ecology of emerging infectious diseases. Serge Morand -- Characteristics of emerging infectious diseases -- Factors of emergence: climate change, biodiversity, land use and globalization -- Conclusion: Is the next plague certain? -- 2. From emergence to emergences - a focus on pandemic influenza. Nathalie Brender, Claude Gilbert -- WHO re-appropriation of the issue -- SARS, H5N1 and H1N1 - emergence catalysts -- An issue seeking owners - the French case -- 3. Future as a moving target United States, CBRN risk and the scenario planning method: 1995-2008. Patrick Zylberman -- Global setting -- Immediate setting -- Fortunes and misfortunes of triumphalism -- Bill Clinton and the CRBN risk -- George W. Bush - from prevention to preparedness -- Scenario planning and worst-case scenarios -- Stranglehold of fiction -- 4. Collective action in response to emerging zoonotic diseasesMuriel Figuié -- Emerging zoonotic diseases - modern collective risks and collective action -- Motives and barriers to collaboration between individuals -- Challenges facing the expansion of collectives -- A new paradigm for animal health? -- Setting objectives for collective action against emerging zoonotic diseases -- 5. Surveillance of emerging diseases: challenges and contradictions. François Roger -- Epidemiologic rupture or transition? -- What ever happened to the seventh pandemic? -- The Horseman on the Roof -- Black swans and perfect storms -- Surveillance at all costs? -- Broadening the battlefield -- References -- Acronyms -- Contributors. 
588 |a Description based on publisher supplied metadata and other sources. 
590 |a Electronic reproduction. Ann Arbor, Michigan : ProQuest Ebook Central, 2023. Available via World Wide Web. Access may be limited to ProQuest Ebook Central affiliated libraries.  
655 4 |a Electronic books. 
700 1 |a Figuié, Muriel. 
700 1 |a Keck, édéric. 
700 1 |a Gilbert, Claude. 
700 1 |a Brender, Nathalie. 
700 1 |a Roger, François. 
700 1 |a Zylberman, Patrick. 
776 0 8 |i Print version:  |a Morand, Serge  |t Emergence of Infectious Diseases  |d Versailles : Quae,c2018 
797 2 |a ProQuest (Firm) 
830 0 |a Matière à débattre et Décider Series 
856 4 0 |u https://ebookcentral.proquest.com/lib/matrademy/detail.action?docID=6734044  |z Click to View